| 000 | 01284nam a22002897a 4500 | ||
|---|---|---|---|
| 005 | 20150928165025.0 | ||
| 008 | 150928b2015 pe |||||r|||| 00| 0 spa d | ||
| 020 | _a9786124695261 | ||
| 040 |
_aCO-BoIAVH _cCO-BoIAVH |
||
| 041 | 0 | _aspa | |
| 044 | _ape | ||
| 082 | 0 | 4 |
_a333.75 _bU84c14 |
| 100 | 1 | _aLizcano, Diego José | |
| 245 | 1 |
_aEfecto de la complejidad institucional sobre la deforestación en la Amazonía colombiana / _cDiego José Lizcano y Alfonso Malky Harb |
|
| 260 |
_aLima (Perú): _bUSAID: _bICAA, _c2015. |
||
| 300 |
_a55 páginas : _bgráficas y tablas ; _c25 cm. |
||
| 490 |
_aConservación estratégica. Serie técnica _v39 |
||
| 500 | _aPrograma de investigaciones económicas aplicadas para la conservación en la Amazonía Andina. | ||
| 504 | _aIncluye referencias bibliográficas (páginas 48-52). | ||
| 520 | _aIncluye resúmenes en inglés y español. | ||
| 650 | 6 |
_aDeforestación _zAmazonía (Región, Colombia) |
|
| 650 | 4 |
_aDeforestación _xRedes institucionales _zAmazonía (Región, Colombia) |
|
| 650 | 4 |
_aDeforestación _xInstituciones _zAmazonía (Región, Colombia) |
|
| 650 | 6 |
_aDeforestación _xdescripción _zAmazonía (Región, Colombia) |
|
| 700 | 1 | _aMalky-Harb, Alfonso. | |
| 942 |
_2ddc _cLIBRO |
||
| 999 |
_c17823 _d17823 |
||